Фреймовая модель терминологии «Ландшафтный дизайн» (на материале профессионального интернет-дискурса); Язык. Общество. Образование

Bibliografiske detaljer
Parent link:Язык. Общество. Образование.— 2021.— [С. 374-379]
Hovedforfatter: Мацкевич А.
Institution som forfatter: Национальный исследовательский Томский политехнический университет Школа базовой инженерной подготовки Отделение русского языка
Andre forfattere: Щитова О. Г. Ольга Григорьевна (научный руководитель)
Summary:Заглавие с экрана
Статья посвящена построению когнитивной фреймовой модели терминологии «Ландшафтный дизайн» как компонента гиперфрейма «Дизайн архитектурной среды». На базе данных профессионального интернет-дискурса выявлен многоуровневый иерархический характер фреймовой модели, определены отношения между субфреймами.
Sprog:russisk
Udgivet: 2021
Serier:Дискурсивные исследования инженерной коммуникации
Fag:
Online adgang:http://earchive.tpu.ru/handle/11683/69288
Format: Electronisk Book Chapter
KOHA link:https://koha.lib.tpu.ru/cgi-bin/koha/opac-detail.pl?biblionumber=634053

MARC

LEADER 00000naa2a2200000 4500
001 634053
005 20231101133807.0
035 |a (RuTPU)RU\TPU\conf\35803 
035 |a RU\TPU\conf\35802 
090 |a 634053 
100 |a 20211222d2021 k y0rusy50 ca 
101 0 |a rus 
102 |a RU 
105 |a y z 101zy 
135 |a drgn ---uucaa 
181 0 |a i  
182 0 |a b 
200 1 |a Фреймовая модель терминологии «Ландшафтный дизайн» (на материале профессионального интернет-дискурса)  |f А. Мацкевич  |g науч. рук. О. Г. Щитова 
203 |a Текст  |c электронный 
225 1 |a Дискурсивные исследования инженерной коммуникации 
230 |a 1 компьютерный файл (pdf; 524 Kb) 
300 |a Заглавие с экрана 
320 |a [Библиогр.: с. 378-379 (10 назв.)] 
330 |a Статья посвящена построению когнитивной фреймовой модели терминологии «Ландшафтный дизайн» как компонента гиперфрейма «Дизайн архитектурной среды». На базе данных профессионального интернет-дискурса выявлен многоуровневый иерархический характер фреймовой модели, определены отношения между субфреймами. 
463 0 |0 (RuTPU)RU\TPU\conf\35746  |t Язык. Общество. Образование  |o сборник научных трудов II Международной научно-практической конференции "Лингвистические и культурологические аспекты современного инженерного образования", Томск, 10-12 ноября 2021 г.  |f Национальный исследовательский Томский политехнический университет (ТПУ); гл. ред. Ю. В. Кобенко  |v [С. 374-379]  |d 2021 
610 1 |a электронный ресурс 
610 1 |a труды учёных ТПУ 
610 1 |a фреймовые модели 
610 1 |a терминология 
610 1 |a ландшафтный дизайн 
610 1 |a когнитивная лингвистика 
610 1 |a фреймы 
610 1 |a фреймовые модели 
700 1 |a Мацкевич  |b А. 
702 1 |a Щитова  |b О. Г.  |c филолог  |c профессор Томского политехнического университета, доктор филологических наук  |f 1957-  |g Ольга Григорьевна  |2 stltpush  |4 727 
712 0 2 |a Национальный исследовательский Томский политехнический университет  |b Школа базовой инженерной подготовки  |b Отделение русского языка  |h 8030  |2 stltpush  |3 (RuTPU)RU\TPU\col\23517 
801 2 |a RU  |b 63413507  |c 20211224  |g RCR 
856 4 |u http://earchive.tpu.ru/handle/11683/69288 
942 |c BK